<?xml version="1.0" encoding="UTF-8"?>
<record
    xmlns:xsi="http://www.w3.org/2001/XMLSchema-instance"
    xsi:schemaLocation="http://www.loc.gov/MARC21/slim http://www.loc.gov/standards/marcxml/schema/MARC21slim.xsd"
    xmlns="http://www.loc.gov/MARC21/slim">

  <leader>00690nam a2200181Ia 4500</leader>
  <controlfield tag="008">100122s9999    xx            000 0 und d</controlfield>
  <datafield tag="082" ind1=" " ind2=" ">
    <subfield code="b">21924</subfield>
    <subfield code="a">824</subfield>
  </datafield>
  <datafield tag="100" ind1=" " ind2=" ">
    <subfield code="a">&#x92D;&#x93E;&#x935;&#x947; &#x92A;&#x941; &#x92D;&#x93E;</subfield>
  </datafield>
  <datafield tag="245" ind1=" " ind2=" ">
    <subfield code="a">&#x932;&#x935;&#x902;&#x917; &#x935;&#x947;&#x932;&#x926;&#x94B;&#x921;&#x947; (&#x92C;&#x949;&#x915;&#x94D;&#x938;-3)</subfield>
  </datafield>
  <datafield tag="250" ind1=" " ind2=" ">
    <subfield code="a">0</subfield>
  </datafield>
  <datafield tag="260" ind1=" " ind2=" ">
    <subfield code="b">&#x92A;&#x902;&#x921;&#x93F;&#x924; &#x905;&#x928;&#x902;&#x924; &#x915;&#x941;&#x932;&#x915;&#x930;&#x94D;&#x923;&#x940;</subfield>
    <subfield code="c">1963</subfield>
  </datafield>
  <datafield tag="300" ind1=" " ind2=" ">
    <subfield code="a">143</subfield>
  </datafield>
  <datafield tag="520" ind1=" " ind2=" ">
    <subfield code="a">&#x92A;&#x941;&#x938;&#x94D;&#x924;&#x915; &#x92C;&#x93E;&#x91C;&#x941;&#x932;&#x93E; &#x920;&#x947;&#x935;&#x932;&#x947; &#x906;&#x939;&#x947;.</subfield>
  </datafield>
  <datafield tag="620" ind1=" " ind2=" ">
    <subfield code="a">&#x92A;&#x941;&#x938;&#x94D;&#x924;&#x915; &#x92C;&#x93E;&#x91C;&#x941;&#x932;&#x93E; &#x920;&#x947;&#x935;&#x932;&#x947; &#x906;&#x939;&#x947;.</subfield>
  </datafield>
  <datafield tag="630" ind1=" " ind2=" ">
    <subfield code="a">&#x932;&#x935;&#x902;&#x917; &#x935;&#x947;&#x932;&#x926;&#x94B;&#x921;&#x947; (&#x92C;&#x949;&#x915;&#x94D;&#x938;-3)</subfield>
  </datafield>
  <datafield tag="730" ind1=" " ind2=" ">
    <subfield code="a">&#x932;&#x935;&#x902;&#x917; &#x935;&#x947;&#x932;&#x926;&#x94B;&#x921;&#x947; (&#x92C;&#x949;&#x915;&#x94D;&#x938;-3)</subfield>
  </datafield>
  <datafield tag="942" ind1=" " ind2=" ">
    <subfield code="c">BOOK</subfield>
  </datafield>
  <datafield tag="999" ind1=" " ind2=" ">
    <subfield code="c">409878</subfield>
    <subfield code="d">409875</subfield>
  </datafield>
  <datafield tag="952" ind1=" " ind2=" ">
    <subfield code="0">0</subfield>
    <subfield code="1">0</subfield>
    <subfield code="4">0</subfield>
    <subfield code="7">0</subfield>
    <subfield code="a">SVPPARLE</subfield>
    <subfield code="b">SVPPARLE</subfield>
    <subfield code="c">(&#x92C;&#x949;&#x915;&#x94D;&#x938;-3)</subfield>
    <subfield code="d">1975-05-23</subfield>
    <subfield code="g">4.00</subfield>
    <subfield code="l">0</subfield>
    <subfield code="o">21924</subfield>
    <subfield code="p">SVPPARLE-21924</subfield>
    <subfield code="r">2010-01-25 00:00:00</subfield>
    <subfield code="v">4.00</subfield>
    <subfield code="w">2010-01-25</subfield>
    <subfield code="y">BOOK</subfield>
    <subfield code="z">(&#x92C;&#x949;&#x915;&#x94D;&#x938;-3) General NA</subfield>
  </datafield>
</record>
